Celkový pohľad na zmeny vo výkone ekonomiky a makroekonomickej stabilite

Celkový pohľad na zmeny, ktoré dosiahla slovenská ekonomika v oblasti výkonnosti a makrostability v období svojho desaťročného členstva v EÚ. Vonkajší dopyt a kapitálové zdroje pri podpore rastu SR.

Salvato in:
Dettagli Bibliografici
Autore principale: Morvay, Karol, 1973-
Natura: Capitolo di libro
Lingua:slovacco
Soggetti:
Tags: Aggiungi Tag
Nessun Tag, puoi essere il primo ad aggiungerne!!

MARC

LEADER 00000naa$a2200000$$$4500
001 0200551
005 20240502073406.6
041 0 |a slo 
044 |a SK 
245 1 0 |a Celkový pohľad na zmeny vo výkone ekonomiky a makroekonomickej stabilite  |c Karol Morvay 
520 |a Celkový pohľad na zmeny, ktoré dosiahla slovenská ekonomika v oblasti výkonnosti a makrostability v období svojho desaťročného členstva v EÚ. Vonkajší dopyt a kapitálové zdroje pri podpore rastu SR. 
610 2 0 |a Slovensko 
610 2 0 |a politika hospodárska 
610 2 0 |a regulácia hospodárska 
610 2 0 |a stabilita hospodárstva 
610 2 0 |a makroekonomika 
610 2 0 |a rast hospodársky 
610 2 0 |a výkonnosť ekonomiky 
610 2 0 |a transformácia 
100 1 |a Morvay, Karol, 1973-